Indicators systems for political, economic, and social analysis

Saved in:
Bibliographic Details
Other Authors: Taylor, Charles Lewis
Format: Book
Language:English
Published: Cambridge Oelgeschlager, Gunn and Hain 1980
Series:Publication of the science center Berlin vol. 22
Tags: Add Tag
No Tags, Be the first to tag this record!

MARC

LEADER 00000nam a2200000 4500
001 c129093
005 20041019155245.4
041 0 |a eng 
044 |a GB 
245 1 0 |a Indicators systems for political, economic, and social analysis  |c Ed. by Charles Lewis Taylor 
264 1 |a Cambridge  |b Oelgeschlager, Gunn and Hain  |c 1980 
300 |a 242 s. 
490 1 |a Publication of the science center Berlin  |v vol. 22 
830 0 |a Publication of the science center Berlin  |v vol. 22 
700 1 |a Taylor, Charles Lewis